| 000 | 00667nam a22001937a 4500 | ||
|---|---|---|---|
| 003 | OSt | ||
| 005 | 20251028025615.0 | ||
| 008 | 251028b |||||||| |||| 00| 0 eng d | ||
| 020 | _a978-971-06-6132-9 | ||
| 040 |
_aDWCL - Main Lib _cOC |
||
| 082 |
_21st _aRes. 70 L834p 2024 |
||
| 100 | _aLoiz, Vincent Galileo L. | ||
| 245 |
_aPagpapakatao para sa mas mabuting mundo _cVincent Galileo L. Loiz |
||
| 260 |
_aQuezon Avenue, Quezon City : _bPhoenix Publishing House, Inc. _cc2024 |
||
| 300 |
_axii , 331 pages : _billustrations ; _c 25 cm. |
||
| 650 | _a1. Values Education | ||
| 650 | _a2. Values Education - Study and Teaching | ||
| 942 |
_2ddc _cBK-0 CIRC _e1st _mRes. _n0 |
||
| 999 |
_c5205 _d5205 |
||